000 00639nam a2200265Ia 4500
005 20260324152721.0
008 008 260324s9999 xx 000 0 eng d
020 _a9780124076716
037 _aEBOOK
040 _aCRL
040 _beng
040 _cCRL
041 _2eng
041 _aeng
084 _qCRL
100 _aStephenson, Michael
_9901240
245 0 _aReturning Carbon to Nature
260 _bElsevier
260 _c2013
650 _aEarth and Planetary Sciences
856 _uhttps://www.sciencedirect.com/science/book/9780124076716
942 _cEBOOK
999 _c1840374
_d1840374